000 00301nam a2200109Ia 4500
008 200302s9999 xx 000 0 und d
100 _aDayton D.Reuter
245 _aComputer Graphics For Architects Engineers And Environmental Designers
260 _bAllworth Press, NW
260 _c2002
300 _a246
999 _c4617
_d4617